|
|
|
|
| LEADER |
01147nam a2200385 4500 |
| 001 |
DLU090097380 |
| 005 |
##20091201 |
| 040 |
# |
# |
|a DLU
|b eng
|
| 041 |
# |
# |
|a eng
|
| 044 |
# |
# |
|a us
|
| 245 |
# |
# |
|a Direct dating of archaeological pottery by compound-specific 14C analysis of preserved lipids /
|c Andrew W. Stott ... [et al.].
|
| 653 |
# |
# |
|a Age estimation
|
| 653 |
# |
# |
|a Archaeology
|
| 653 |
# |
# |
|a Fatty acids
|
| 653 |
# |
# |
|a Gas chromatography
|
| 653 |
# |
# |
|a Lipid
|
| 653 |
# |
# |
|a Mass spectrometry
|
| 653 |
# |
# |
|a Pottery
|
| 653 |
# |
# |
|a Preparative chromatography
|
| 700 |
# |
# |
|a Berstan, Robert.
|
| 700 |
# |
# |
|a Bronk-Ramsey, Christopher.
|
| 700 |
# |
# |
|a Evershed, Richard P.
|
| 700 |
# |
# |
|a Hedges, Robert E. M.
|
| 700 |
# |
# |
|a Humm, Martin J.
|
| 700 |
# |
# |
|a Stott, Andrew W.
|
| 773 |
# |
# |
|t Analytical Chemistry
|g Vol. 75, no. 19 (October 2003), p. 5037-5045
|
| 920 |
# |
# |
|a Phòng Tạp chí -- Trung tâm Thông tin - Thư viện Trường Đại học Đà Lạt
|
| 994 |
# |
# |
|a DLU
|
| 900 |
# |
# |
|a True
|
| 911 |
# |
# |
|a Trương Bảo Trâm Anh
|
| 925 |
# |
# |
|a G
|
| 926 |
# |
# |
|a A
|
| 927 |
# |
# |
|a BB
|
| 980 |
# |
# |
|a Thư viện Trường Đại học Đà Lạt
|